000 01920cam a2200301 i 4500
003 SA-RiAUC
005 20260210143517.0
008 260209s2008____le g 000 0 ara c
020 _a9789953507408
024 0 _a00000000271170
040 _aSA-JeALM
_bara
_cSA-RiAUC
_dKAC
_erda
050 4 _bM39 2008
082 0 4 _a214.303625
_qSA-RiAUC
090 _a214.303625
_bم ز ي
100 1 _aالمزيني، حمزة بن قبلان بن أحمد،
_d1363 هجري-
_eمؤلف.
245 1 0 _aثقافة التطرف :
_bالتصدي لها والبديل عنها /
_cحمزة المزيني.
250 _aالطبعة الأولى.
264 1 _aبيروت :
_bمؤسسة الانتشار العربي،
_c2008
300 _a299 صفحة ؛
_c24 سم.
336 _aنص
_btxt
_2rdacontent
_3كتاب
337 _aبدون وسيط
_bn
_2rdamedia
500 _aاهداء من المؤلف حمزة المزيني الى الشيخ رحمه الله بتاريخ 12 / 9 / 1430 هـ
505 0 _aالمحتويات : مقدمة شكرا يا خادم الحرمين الشريفين-ملحوظات على حوار الشيخ عبد الله المنيع-الرقيق والمرأة-الرقيق والمرأة : وجه شبه !-حراسة الفضيلة-الفقه الجامع-الحيازات (العلمية)-محنة التخصص-توثيق الحديث النبوي الشريف – 1-توثيق الحديث النبوي النبوي الشريف – 2-(إذا كثر المفكرون.. كثرت الفتن)-فقه الوعظ-بوادر خطاب عقلاني رشيد-هذا هو إسلامنا-أما آن لهؤلاء أن يتوقفوا !-لنواجه الحقيقة ... وموضوعات أخرى.
650 7 _aالإسلام والإرهاب
_2aucsh
650 7 _aالإسلام والتطرف الديني
_2aucsh
942 _2ddc
_cBOOK
_n0
949 _aSA-JeALM
_d260209
_uosman123
_n1
999 _c14296
_d14296